00377nam a2200121Ia 4500008004100000100001900041245001700060245002800077260000900105856004900114999001900163952007300182160531s9999 xx 000 0 und d aGalleli, Luca. aPharmacology cEdited by Luca Gallelli c2012 uhttp://www.intechopen.com/books/pharmacology c295471d295471 001040aCLbCLd2016-05-31l0r2016-05-31 00:00:00w2016-05-31yCBE